Statistics for Two Letter Answers #3

Click here to take the quiz!

General Stats

  • This quiz has been taken 31,888 times
  • The average score is 15 of 24

Answer Stats

Clue Answer % Correct
Author RowlingJ.K.
95%
After noonPM
92%
Next after do, re, and miFa
92%
The city of angelsLA
89%
Capital of the USADC
89%
Include a third party on an e-mailCC
82%
Successor to the cassette tapeCD
81%
Group of 193 nations that meet in New YorkUN
80%
Singer SheeranEd
79%
The boob tubeTV
70%
Biden or CheneyVP
65%
Toilet initials (in Britain)WC
63%
Restaurant that sells blizzardsDQ
58%
Kalashnikov rifle AK
57%
Bailed-out U.S. carmakerGM
57%
Winnebago, for exampleRV
52%
Disease also known as consumptionTB
48%
"Dallas" character who got shotJ.R.
47%
Once common term for an STDVD
44%
Medical prescriptionRx
42%
Perth's stateWA
38%
Allied celebration day on May 8, 1945VE
37%
South Korean electronics giantLG
37%
Country code of South AfricaZA
16%

Score Distribution

Percentile by Number Answered

Percent of People with Each Score

Your Score History

You have not taken this quiz